| 000 | 01062cam a2200253 i 4500 | ||
|---|---|---|---|
| 999 |
_c11959 _d11959 |
||
| 001 | vtls000520267 | ||
| 003 | NUKAT | ||
| 005 | 20180511114948.0 | ||
| 008 | 050713r1949 pl | d |000 0 pol c | ||
| 035 | _azz2005788562 | ||
| 039 | 9 |
_a201603301207 _bkopps _c201111021619 _dkopuam _c200612040121 _dVLOAD _c200508310135 _dVLOAD |
|
| 040 |
_aKR 93/MM _cKR 93/MM _dKR 93/TS _dKR 93/BJs |
||
| 245 | 0 | 0 | _aSłownik telekomunikacyjny angielsko-polski. |
| 260 |
_aWarszawa : _bPaństwowy Instytut Telekomunikacyjny, _c1949. |
||
| 300 |
_a210 s. ; _c15 cm. |
||
| 500 | _aDruk dwuszpalt. | ||
| 534 |
_pFotograficzna odb. oryg.: _tSłownik elektrotechniczny angielsko-polski - dział telekomunikacyjny. _cWetzlar : Wszechświatowy Komitet Związków Młodzieży Chrześcijańskiej. Komitet Wydawniczy, 1948. |
||
| 650 |
_aTelekomunikacja _vsłowniki angielskie. |
||
| 650 |
_aTelekomunikacja _vsłowniki polskie. |
||
| 942 |
_2ddc _cBK |
||
| 980 | _aSZCZ_ZUT | ||